000 00314nam a2200133Ia 4500
008 190723s9999 xx 000 0 und d
020 _a978-93-325-8549-2
100 _aJames F. Kurose
245 0 _aComputer Networking
250 _a6th
260 _aUter Pardesh
_bPearson
_c2017
300 _a888.:p
942 _cBK
999 _c1778
_d1778